Comentarios al dossier: ¿cómo se piensa lo queer en América Latina? = Comments on the dossier ¿How is queer thougt of in Latin America? /
Se trabaja sobre los puntos centrales y las interrogantes que dan en sí algunos artículos establecidos. Se destaca la crítica a la masculinidad hegemónica desde una noción de la alteridad en la que convergen las categorías de clase, etnia, género y edad. Se hace también una crítica al sistema hetero...
Salvato in:
| Autore principale: | |
|---|---|
| Natura: | testo |
| Soggetti: | |
| Tags: |
Aggiungi Tag
Nessun Tag, puoi essere il primo ad aggiungerne!!
|
MARC
| LEADER | 00000 a a2200000 04500 | ||
|---|---|---|---|
| 001 | 43525 | ||
| 003 | |||
| 040 | |||
| 100 | |a Vega Suriaga, Edgar | ||
| 245 | |a Comentarios al dossier: ¿cómo se piensa lo queer en América Latina? = |b Comments on the dossier ¿How is queer thougt of in Latin America? / |c Edgar Vega Suriaga | ||
| 500 | |a evega@uasb.edu.ec | ||
| 520 | |a Se trabaja sobre los puntos centrales y las interrogantes que dan en sí algunos artículos establecidos. Se destaca la crítica a la masculinidad hegemónica desde una noción de la alteridad en la que convergen las categorías de clase, etnia, género y edad. Se hace también una crítica al sistema heteronormativo. | ||
| 590 | |a KSR/AGOSTO2012 | ||
| 650 | |a 1.TEORIA QUEER | ||
| 650 | |a 2.DERECHOS SEXUALES | ||
| 650 | |a 3.GENERO | ||
| 650 | |a 4.MASCULINIDAD | ||
| 773 | |g volumen15, número40 ( , 2011), páginas 119-127 | ||
| 999 | |c 31685 |d 31685 | ||
